00818nam a22001817a 450000500170000000800410001702000150005805000240007324501890009726000700028630000270035649000460038365000730042970000300050270000460053270000250057870000330060320191011115808.0191011b sp ||||| |||| 00| 0 spa d a847248329004aD16.4.L38bP53 199604aLos planes y programas para la enseñanza de la historia en Iberoamérica en el nivel medio /cPatricio de Blas, Ma. del Carmen González Muñoz, Enrique Roca, Ma. Jesús Serviá aMadrid :bMarcial Pons :bEdiciones Jurídicas y Sociales,c1996 a209 páginas ;c23 cm aOrganización de Estados Iberoamericanos 72lembaHistoriaxEstudio y enseñanza (secundaria)zAmérica Latina1 aBlas, Patricio de,eautor1 aGonzález Muñoz, Ma. del Carmeneautor1 aRoca, Enriqueeautor1 aServiá, Ma. Jesúseautor